Statics (Record no. 9743)

000 -LEADER
fixed length control field 00440nam a22001937a 4500
001 - CONTROL NUMBER
control field 9743
003 - CONTROL NUMBER IDENTIFIER
control field BD-DhUET
008 - FIXED-LENGTH DATA ELEMENTS--GENERAL INFORMATION
fixed length control field 150201b xxu||||| |||| 00| 0 eng d
040 ## - CATALOGING SOURCE
Transcribing agency DLC
Modifying agency BD-DhUET
082 ## - DEWEY DECIMAL CLASSIFICATION NUMBER
Classification number 531.2
Item number PES/1969
100 ## - MAIN ENTRY--PERSONAL NAME
Personal name Pestel, Eduard C.
245 ## - TITLE STATEMENT
Title Statics
250 ## - EDITION STATEMENT
Edition statement 1st ed.
260 ## - PUBLICATION, DISTRIBUTION, ETC. (IMPRINT)
Place of publication, distribution, etc. New York
Name of publisher, distributor, etc. McGraw-Hill
Date of publication, distribution, etc. 1969
300 ## - PHYSICAL DESCRIPTION
Extent 400 p.
Other physical details ill.
650 #0 - SUBJECT ADDED ENTRY--TOPICAL TERM
Topical term or geographic name as entry element Statics
700 ## - ADDED ENTRY--PERSONAL NAME
Personal name Thomson, William T.
942 ## - ADDED ENTRY ELEMENTS (KOHA)
Koha item type General Book
Holdings
Copy number Date acquired Koha normalized classification for sorting Koha date last seen Damaged status Location (home branch) Shelving location Lost status Sublocation or collection (holding branch) Not for loan Source of classification or shelving scheme Price effective from Koha full call number Piece designation (barcode) Koha item type Withdrawn status
12015-02-01531_200000000000000_PES_19692015-02-01 Central Library, BUETCirculation section Central Library, BUET  2015-02-01531.2/PES/196956730General Book 
22015-03-10531_200000000000000_PES_19692015-03-10 Central Library, BUETCirculation section Central Library, BUET  2015-03-10531.2/PES/196940528General Book 
32015-03-10531_200000000000000_PES_19692015-03-10 Central Library, BUETCirculation section Central Library, BUET  2015-03-10531.2/PES/196940527General Book